Looking ahead: developing skills for academic writing

-д хадгалсан:
Номзүйн дэлгэрэнгүй
Үндсэн зохиолч: Byleen, Elizabeth (Зохиогч)
Формат: Ном
Хэл сонгох:англи
Хэвлэсэн: Pacific Grove Heinle & Heinle 1998
Хэвлэл:1a. ed
Цуврал:Looking Ahead, 3
Нөхцлүүд:
Шошгууд: Шошго нэмэх
Шошго байхгүй, Энэхүү баримтыг шошголох эхний хүн болох!

MARC

LEADER 00000nam a2200000 a 4500
001 UCJ0897
003 CL-VaPUC
008 060914e19980000US |||||||||||||||||eng|d
020 |a 0838479022 
082 0 4 |a 428.007  |b BYL  |2 21 
100 0 |a Byleen, Elizabeth  |e author  |9 501336 
245 1 0 |a Looking ahead: developing skills for academic writing 
250 |a 1a. ed 
300 |a 263 p 
942 |c BK 
945 |d 20060914 00:00:00  |a cmena 
260 |a Pacific Grove  |b Heinle & Heinle  |c 1998 
650 0 |a Educación lingüística  |9 306506 
650 0 |a Enseñanza del inglés  |9 367340 
650 0 |a Retórica   |9 266620 
650 0 |a Redacción de textos  |9 446760 
650 0 |a Métodos de enseñanza  |9 270413 
583 |a last modification  |c 20140409 03:25:47  |k Rodrigo Vera 
490 0 |a Looking Ahead, 3 
999 |c 317645  |d 317643 
952 |0 0  |1 0  |4 0  |6 428_007000000000000_BYL_1998  |7 0  |8 A  |9 394271  |a BIBEDU  |b BIBEDU  |d 2019-11-22  |i 4278704  |o 428.007 BYL 1998  |p 4278704  |r 2019-11-22  |w 2019-11-22  |y BK  |k LIT